|
|
|
|
| LEADER |
00000nab a2200000 a 4500 |
| 001 |
vtls001561071 |
| 003 |
SK-MaSNL |
| 005 |
20260426083646.0 |
| 008 |
250505c2004 xo fr|p|||||||000 b|slo |
| 015 |
|
|
|a SNBRB2005/04
|2 snkbucl
|
| 035 |
|
|
|a (uuid)63fe234a-4324-4e3a-a572-181d16b6e471
|
| 035 |
|
|
|a urn:nbn:sk:snk-abuxw
|
| 035 |
|
|
|a (urnnbn)urn:nbn:sk:snk:ar-a06juv
|
| 038 |
|
|
|a SNKBUCL
|
| 040 |
|
|
|a SNKBUCL
|b slo
|c SNKBUCL
|e AACR2
|
| 041 |
0 |
|
|a slo
|b eng
|
| 044 |
|
|
|a xo
|c SK
|
| 080 |
|
|
|a 556.536.013
|x (282.243.7)
|2 1997
|
| 080 |
|
|
|a 556.166
|x (282.243.7)
|2 1997
|
| 100 |
1 |
|
|a Bačová Mitková, Veronika
|4 aut
|9 23024
|
| 245 |
1 |
0 |
|a Kalibrácia riečneho modelu nelineárnej kaskády NLN - Danube pre Dunaj v úseku Kienstock-Štúrovo
|c Veronika Mitková
|
| 300 |
|
|
|b Grafy, tab.
|
| 504 |
|
|
|a Bibliogr. odkazy
|
| 546 |
|
|
|a Res. angl.
|
| 650 |
0 |
7 |
|a hydrologické modely
|2 snkbucl
|9 26759
|
| 650 |
0 |
7 |
|a kalibrácia
|2 snkbucl
|9 20959
|
| 650 |
0 |
7 |
|a povodňové vlny
|2 snkbucl
|9 26760
|
| 651 |
|
7 |
|a Dunaj (rieka)
|2 snkbucl
|9 22602
|
| 773 |
0 |
|
|t Acta hydrologica slovaca
|g Roč. 5, č. 2 (2004), s. 275-285
|x 1335-6291
|
| 850 |
|
|
|a Slovenská národná knižnica
|
| 852 |
|
|
|a Slovenská národná knižnica
|
| 954 |
|
|
|a odborná, vedecká literatúra pôvodná (slovenská)
|2 lita
|
| 958 |
|
|
|a article27
|
| 958 |
|
|
|a NB
|
| 958 |
|
|
|a OND
|
| 958 |
|
|
|a EUIPO
|
| 999 |
|
|
|c 2910394
|d 2912324
|